01226nam a22002057a 4500003000400000005001700004008004100021020001800062040001400080041000800094082001300102100004200115245001400157264003500171300003800206521071900244650001900963650001300982650002500995OSt20260218155319.0260218b ||||| |||| 00| 0 spa d a9789583069604 cCO-Mq BPB aspa aJNbTRUa aTrujillo Sanz, Fernandod1973-eautor aAgua roja aBogotá;bPanamericana,c2025 a244 páginas;bTapa dura,c23 cm aAgua roja es una novela narrada desde la voz de Dani, quien decide contar su propia historia desde el principio, aunque reconoce que no es fácil expresarla y su forma de recordar es peculiar. A través de sus recuerdos más significativos —incluyendo emociones, experiencias y detalles de su vida— Dani va revelando los momentos que han marcado su identidad. El relato se construye como una exploración íntima del pasado del protagonista, combinando recuerdos entrañables con reflexiones personales. La narrativa se centra en la memoria, la identidad y los vínculos humanos, dejando al lector sumergirse en la mente de alguien que rememora y reflexiona sobre su vida con una voz única y sincera. aNovela juvenil aMisterio aNovela fantástica